Druhy subjektov národného hospodárstva a zvláštností ich hospodárenia v podmienkach Slovenskej republiky bakalárska práca

Enregistré dans:
Détails bibliographiques
Auteur principal: Čuchran, Martin
Collectivité auteur: Národohospodárska fakulta EU. Katedra hospodárskej politiky
Autres auteurs: Choluj, Vladimír
Format: Livre
Langue:slovaque
Publié: Bratislava 2013
Tags: Ajouter un tag
Pas de tags, Soyez le premier à ajouter un tag!

MARC

LEADER 00000nbm a2200000 4500
001 0176144
005 20170209090407.1
041 0 |a slo 
044 |a SK 
245 1 0 |a Druhy subjektov národného hospodárstva a zvláštností ich hospodárenia v podmienkach Slovenskej republiky  |b bakalárska práca  |c Martin Čuchran ; školiteľ: Vladimír Choluj 
264 1 |a Bratislava  |c 2013 
300 |a 44 s. 
100 1 |a Čuchran, Martin 
700 1 |a Choluj, Vladimír 
710 2 |a Národohospodárska fakulta EU. Katedra hospodárskej politiky